000 00503nam a2200157Ia 4500
008 230907s9999||||xx |||||||||||||| ||und||
082 _a621.1
_bAHM
100 _aAhmed Abdul Qayyum (00000207024)
_9116524
245 0 _aDevelopment of metal sulfide based nanocomposite for high performance sodium-ion batteries /
260 _aUSPCAS-E, NUST,
_bIslamabad :
_c2020
300 _a76 p.
520 _aTH-223
650 _aMS-ESE Thesis MS Thesis
700 _aDr Zuhair Subhani Khan
942 _cTHE
_2ddc
999 _c601902
_d601902